Solfège #2 - Moyen - Statistiques

Statistiques générales
  • Ce quiz a été pris 261 fois
    97 depuis la dernière actualisation
  • Le résultat moyen est 10 sur 25
Statistiques - réponses
Hint Réponse % Correct
Nom de la note I d'une gamme La tonique
72%
Nom de la note V d'une gamme La dominante
58%
Tonalité majeure à 4 dièses Mi majeur
52%
Mode de l'accord Do Mib Sol Mineur
48%
Nom de l'accord Fa La Do Fa Majeur
47%
Nom de la note VII d'une gamme La sensible
47%
Nom de l'accord Mi Sol Do Do Majeur
44%
Nom de l'accord Fa Lab Do Fa mineur
44%
Nom de l'accord Mi La Do La Mineur
44%
Nom de l'accord Do Mi Sol Si Do Majeur 7
42%
Nom de la note IV d'une gamme La sous-dominante
41%
Nom de la note II d'une gamme La sus-tonique
41%
Tonalité majeure à 5 bémols Ré bémol majeur
41%
Nom d'une note au sein d'une gamme Un degré
41%
Note la plus basse d'un accord non renversé La fondamentale
40%
Mode de l'accord Fa# La Do Mineur
38%
Suite d'accord (souvent 4) qui conclue une "phrase" musicale Une cadence
38%
Nom de la note VI d'une gamme La sus-dominante
36%
Lorsqu'une gamme mineure possède un dièse sur la note VII elle est dite ... Mineure harmonique
28%
Nom de l'accord le plus simple d'une gamme L'accord parfait
25%
Plus fréquente de ces 3 gammes mineures Mineure harmonique
25%
Lorsqu'une gamme mineure possède un dièse sur la note Vi et VII uniquement en montant elle est dite ... Mineure mélodique
25%
Nom de la note III d'une gamme La médiante
21%
Les autres notes au dessus de celle-ci Les harmoniques
18%
Lorsqu'une gamme mineure est faite des même notes que la gamme majeure correspondante elle est dite ... Mineure naturelle
14%
Aucun quiz correspondant
Distribution des résultats
% des personnes avec chaque résultat
Percentile par nombre de réponses
Votre historique - résultats
Vous n’avez pas pris ce quiz depuis la dernière actualisation